Normal view MARC view

Entry Personal Name

Number of records used in: 1

001 - CONTROL NUMBER

  • control field: 330310

003 - CONTROL NUMBER IDENTIFIER

  • control field: OSt

005 - DATE AND TIME OF LATEST TRANSACTION

  • control field: 20220926024248.0

008 - FIXED-LENGTH DATA ELEMENTS

  • fixed length control field: 220926|| aca||aabn | a|a d

040 ## - CATALOGING SOURCE

  • Original cataloging agency: OSt
  • Transcribing agency: OSt

100 ## - HEADING--PERSONAL NAME

  • Personal name: Ipitata sponge iron ltd

670 ## - SOURCE DATA FOUND

  • Source citation: Work cat.: (OSt)643557: Ipitata sponge iron ltd. 330309, Twelfth annual report 1994-95, 1956
Copyright @ Delhi University Library System